|
|
|
|
| LEADER |
01078nam a2200241 a 4500 |
| 001 |
00025308 |
| 008 |
120604s2012 bg 000 1 ben d |
| 999 |
|
|
|c 12359
|d 12359
|
| 020 |
|
|
|a 9845551696
|
| 040 |
|
|
|a BD-DhAAL
|c BD-DhAAL
|
| 041 |
0 |
|
|a ben
|
| 082 |
0 |
0 |
|a 891.44
|2 22
|
| 100 |
1 |
|
|a ইসলাম, কাজী নজরুল
|9 28670
|
| 245 |
1 |
0 |
|a নজরুলের উপন্যাস সমগ্র /
|c কাজী নজরুল ইসলাম
|
| 260 |
|
|
|a ঢাকা :
|b নজরুল ইন্সটিটিউট,
|c ২০১২
|
| 300 |
|
|
|a ৩৬৯ পৃষ্ঠা ;
|c ২২ সে.মি.
|
| 500 |
|
|
|a Novel
|
| 541 |
1 |
|
|e 00025308
|
| 610 |
|
0 |
|a Nazrul Islam, Kazi 1899-1976
|9 28671
|
| 650 |
|
0 |
|a Bangladesh
|x Fiction
|9 28672
|
| 852 |
1 |
|
|a Ayesha Abed Library
|j General stacks
|
| 942 |
|
|
|2 ddc
|c BK
|
| 952 |
|
|
|0 0
|1 0
|2 ddc
|3 Need to change author mark
|4 0
|6 891_443710000000000_ISL
|7 0
|9 20437
|a BRACUL
|b BRACUL
|c GEN
|d 2012-06-04
|l 2
|m 15
|o 891.44371 ISL
|p 3010025308
|r 2025-04-28
|s 2025-04-15
|t 1
|w 2012-06-05
|y BK
|x Transferred from ENH to Ayesha Abed library on 20/12/2023
|